LEADER 01011nam0-22003371i-450- 001 990003957790403321 010 $a0-202-30660-7 035 $a000395779 035 $aFED01000395779 035 $a(Aleph)000395779FED01 035 $a000395779 100 $a20030505d2002----km-y0itay50------ba 101 0 $aeng 102 $aUS 105 $a--------001cy 200 1 $aCreating fear$enews and construction of crisis$fDavid L. Altheide 210 $aNew York$cAldine De Gruyter$dİ2002 215 $axii, 223 p.$cfig.$d23 cm 225 1 $aSocial problems and social issues 320 $aContiene bibl. (pp. 199-209) 610 0 $aMezzi di comunicazione di massa$aStati Uniti 610 0 $aOpinione pubblica$aStati Uniti 676 $a302.230973$v21$zita 700 1$aAltheide,$bDavid L.$f<1945- >$027655 801 0$aIT$bUNINA$gRICA$2UNIMARC 901 $aBK 912 $a990003957790403321 952 $a302.230973 ALT 3$b1878 959 $aBFS 996 $aCreating fear$9513118 997 $aUNINA LEADER 01105nam0-22003011i-450 001 990002045070403321 005 20250331141616.0 035 $a000204507 100 $a20030910d1927----km-y0itay50------ba 101 0 $aeng 102 $aGB 105 $aa m001yy 200 1 $aResearch in Polynesia and Melanesia$ean account of investigations in Samoa, Tonga, the Ellice group, and the New Hebrides, in 1924, 1925$fPatrick A. Buxton et G. H. Hopkins 210 $aLondon$cLondon school of hygiene and tropical medicine$d1927 215 $a260 p., 12 tv.$d26 cm 225 1 $aMemoir series of the London school of hygiene and tropical medicine$v1 327 0 $a1.: Parts I-IV, relating principally to medical entomology 610 0 $aEntomologia Medica 676 $a574.2$v23$zita 700 1$aBuxton,$bPatrick A.$087078 701 1$aHopkins,$bGeorge Henry Evans$085696 801 0$aIT$bUNINA$gRICA$2UNIMARC 901 $aBK 912 $a990002045070403321 952 $aB ENT 315$b01/0415/25$fFAGBC 959 $aFAGBC 996 $aResearch in Polynesia and Melanesia$9407296 997 $aUNINA